000 00757cam a22002533a 4500
001 21850
003 PGUSA
005 20140828083450.0
008 070618s2007||||xxu|||||s|||||000 1 eng d
040 _aPGUSA
_beng
042 _adc
050 4 _aPS
100 1 _aGarland, Hamlin,
_d1860-1940
245 1 2 _aA Little Norsk; Or, Ol' Pap's Flaxen
_h[electronic resource] /
_cHamlin Garland
260 _bProject Gutenberg,
_c2007
506 _aPublic domain in the USA.
516 _aElectronic text
653 _aOrphans -- Fiction
653 _aSingle fathers -- Fiction
653 _aFrontier and pioneer life -- Dakota Territory -- Fiction
830 0 _aProject Gutenberg
_v21850
856 4 0 _uhttp://www.gutenberg.org/ebooks/21850
942 _cEB
999 _c251105
_d251105